000 01063cab a2200241 4500
001 X3570
008 090401t1996 xxu||||| |||| 00| 0 eng d
035 _a(Sirsi) u31211
041 _aeng
245 _aTorridge DC v Tower Gate Developments
260 _c1996
350 _a0
490 _aPlanning Appeal Decisions
_v1996 11 PAD 400-406(7)
520 _aErection of 21 houses. Drainage work. Road improvemements. Flooding and land drainage. Character of surrounding area. Changes in sea level. Tidal defence scheme. Density of development. Highway safety. Conditions v Costs. Whether Council`s refusal was reasonable as site was allocated for housing and there was an existing permission. Refusal on flooding grounds vindicated by subsequent evidence. Council not unreasonable.. (ABSTRACT FROM JOURNAL)
650 _aFLOODING
650 _aPLANNING APPLICATIONS
650 _aRESIDENTIAL DEVELOPMENT
650 _aSEA LEVEL
650 _aTIDAL DEFENCE SYSTEM
690 _aPLANNING LAW AND PRACTICE-CASE LAW
942 _n0
948 _c04/03/1997
999 _c20966
_d20966